| 000 | 00564nam a22002057a 4500 | ||
|---|---|---|---|
| 999 |
_c12926 _d12926 |
||
| 003 | MIRAKIL | ||
| 005 | 20190313131837.0 | ||
| 008 | 190313b tu ||||| |||| 00| 0 tur d | ||
| 020 | _a97565485725 | ||
| 040 |
_aTR-AnCHP _cTR-AnCHP |
||
| 041 | _atur | ||
| 082 |
_a811.42 _bŞ25a 2005 |
||
| 100 | _aŞanal, Abdullah | ||
| 245 | 1 | 0 |
_aAşkın yedi rengi _cAbdullah Şanal. |
| 260 |
_aAntalya: _bAkdeniz yayınlar; _c2005. |
||
| 300 |
_a78 s.: _c19 sm. |
||
| 500 | _aYapıt yazarından imzalıdır. | ||
| 650 | 0 |
_919 _aTürk edebiyatı _xşiirler |
|
| 942 |
_2ddc _cBKS |
||